Catálogo
 En Linea

Canciones del Lic. Luis E. Suero / (Registro nro. 35587)

Detalles MARC
000 -CABECERA
campo de control de longitud fija 00904nam a2200241 a 4500
001 - NÚMERO DE CONTROL
campo de control 000036096
005 - FECHA Y HORA DE LA ÚLTIMA TRANSACCIÓN
campo de control 20200930074855.0
008 - DATOS DE LONGITUD FIJA--INFORMACIÓN GENERAL
campo de control de longitud fija 111209s1986 dr acg 001 0bspa d
040 ## - FUENTE DE LA CATALOGACIÓN
Centro catalogador/agencia de origen DO-SdBNP
Lengua de catalogación spa
Centro/agencia transcriptor BNPHU
082 ## - NÚMERO DE LA CLASIFICACIÓN DECIMAL DEWEY
Número de clasificación 782.42163
Número de documento/Ítem S944c
100 1# - ENTRADA PRINCIPAL--NOMBRE DE PERSONA
Nombre de persona Suero, Luis Eduardo,
Fechas asociadas al nombre 1906-1966
9 (RLIN) 62134
245 10 - MENCIÓN DE TÍTULO
Título Canciones del Lic. Luis E. Suero /
Mención de responsabilidad, etc. Luis Eduardo Suero ; prólogo de Ángel Augusto Suero.
260 ## - PUBLICACIÓN, DISTRIBUCIÓN, ETC.
Lugar de publicación, distribución, etc. Santo Domingo :
Nombre del editor, distribuidor, etc. Taller,
Fecha de publicación, distribución, etc. 1986.
300 ## - DESCRIPCIÓN FÍSICA
Extensión 104 p. :
Otras características físicas il., música, retrs. ;
Dimensiones 17 cm.
590 ## - NOTA LOCAL (RLIN)
Nota local Inventariado, 2018/LP
650 #4 - PUNTO DE ACCESO ADICIONAL DE MATERIA--TÉRMINO DE MATERIA
Término de materia o nombre geográfico como elemento de entrada Compositores dominicanos
9 (RLIN) 59894
650 #4 - PUNTO DE ACCESO ADICIONAL DE MATERIA--TÉRMINO DE MATERIA
Término de materia o nombre geográfico como elemento de entrada Música popular dominicana
Subdivisión general Autores y editores
9 (RLIN) 59895
650 #4 - PUNTO DE ACCESO ADICIONAL DE MATERIA--TÉRMINO DE MATERIA
Término de materia o nombre geográfico como elemento de entrada Música y canciones
9 (RLIN) 58651
650 #4 - PUNTO DE ACCESO ADICIONAL DE MATERIA--TÉRMINO DE MATERIA
Término de materia o nombre geográfico como elemento de entrada Canciones dominicanas
Subdivisión general Textos
9 (RLIN) 58653
650 #4 - PUNTO DE ACCESO ADICIONAL DE MATERIA--TÉRMINO DE MATERIA
Término de materia o nombre geográfico como elemento de entrada Música dominicana
Subdivisión de forma PARTITURAS
9 (RLIN) 58654
700 1# - PUNTO DE ACCESO ADICIONAL--NOMBRE DE PERSONA
Nombre de persona Suero, Ángel Augusto,
Término indicativo de función/relación pról.
9 (RLIN) 7384
910 ## - DATOS DE OPCIÓN DEL USUARIO (OCLC)
Datos de opción del usuario Validado. Control de calidad EMS
Existencias
Estado de retiro Estado de pérdida No para préstamo Código de colección Localización permanente Ubicación/localización actual Ubicación en estantería Fecha de adquisición Número de inventario Total de préstamos Signatura topográfica completa Código de barras Fecha visto por última vez Precio válido a partir de Tipo de ítem Koha Número de copia
    Excluido de préstamo Patrimonio Dominicano Patrimonio Dominicano Patrimonio Dominicano Depósito 09.12.2011 LF1   782.42163 S944c 36096-10 25.06.2020 25.06.2020 Libro y Folleto Colección Patrimonio Dominicano  
    Excluido de préstamo Patrimonio Dominicano Patrimonio Dominicano Patrimonio Dominicano Depósito 12.12.2011 LF1   782.42163 S944c 36096-20 25.06.2020 25.06.2020 Libro y Folleto Colección Patrimonio Dominicano e. 2

Con tecnología Koha